000 00770nam a2200241Ia 4500
003 OSt
005 20220216155914.0
008 210716s2011 xx 000 0 und d
020 _a9788127270476
040 _cAIMIT LIBRARY
041 _aeng
082 _a658.3
_21
_bGUPS
100 _aGupta, Shashi K.
_920386
245 _aHuman resource management :
_bwith case study /
_cBy Shashi K Gupta and Rosy Joshi.
250 _a1st ed.
260 _aNew Delhi :
_bKalyani Publishers ;
_c2011.
300 _a48.28p. ;56 ;
_c23.5cm.
650 _aNature and scope of human resource management
_920387
650 _aHuman resource planning
_920388
650 _aJob analysis and job design
_920389
700 _aJoshi, Rosy.
_920390
942 _2ddc
_cBK
_e1st
_k658.3 GUPS
999 _c207571
_d207571